March Madness: Winners of the NCAA Tournament - Statistics

General Stats
  • This quiz has been taken 491 times
  • The average score is 56 of 79
Answer Stats
Year Answer % Correct
1991 Duke
95%
1992 Duke
95%
2001 Duke
95%
2010 Duke
95%
2015 Duke
95%
1957 North Carolina
93%
1982 North Carolina
93%
1993 North Carolina
93%
2005 North Carolina
93%
2009 North Carolina
93%
1964 UCLA (California Los-Angeles)
91%
1965 UCLA (California Los-Angeles)
91%
1967 UCLA (California Los-Angeles)
91%
1968 UCLA (California Los-Angeles)
91%
1969 UCLA (California Los-Angeles)
91%
1970 UCLA (California Los-Angeles)
91%
1971 UCLA (California Los-Angeles)
91%
1972 UCLA (California Los-Angeles)
91%
1973 UCLA (California Los-Angeles)
91%
1975 UCLA (California Los-Angeles)
91%
1995 UCLA (California Los-Angeles)
91%
1948 Kentucky
90%
1949 Kentucky
90%
1951 Kentucky
90%
1958 Kentucky
90%
1978 Kentucky
90%
1996 Kentucky
90%
1998 Kentucky
90%
2012 Kentucky
90%
1952 Kansas
87%
1988 Kansas
87%
2008 Kansas
87%
1989 Michigan
87%
2017 North Carolina
87%
1985 Villanova
85%
2016 Villanova
85%
1999 Uconn
81%
2004 Uconn
81%
2011 Uconn
81%
2014 Uconn
81%
2006 Florida
80%
2007 Florida
80%
1940 Indiana
74%
1953 Indiana
74%
1976 Indiana
74%
1981 Indiana
74%
1987 Indiana
74%
1979 Michigan State
71%
2000 Michigan State
71%
1980 Louisville
69%
1986 Louisville
69%
2013 Louisville
69%
2003 Syracuse
68%
1997 Arizona
66%
1939 Oregon
63%
2002 Maryland
59%
1960 Ohio State
58%
1984 Georgetown
57%
1941 Wisconsin
57%
1994 Arkansas
54%
1974 North Carolina State
51%
1983 North Carolina State
51%
1990 UNLV (Nevada Las-Vegas)
51%
1944 Utah
44%
1977 Marquette
43%
1945 Oklahoma State
40%
1946 Oklahoma State
40%
1942 Stanford
39%
1959 California
35%
1966 UTEP (Texas El-Paso)
34%
1961 Cincinnati
33%
1962 Cincinnati
33%
1943 Wyoming
27%
1947 Holy Cross
26%
1950 CCNY (The City College of New York)
24%
1963 Loyola Chicago
23%
1954 La Salle
20%
1955 San Fransisco
12%
1956 San Fransisco
12%
No matching quizzes found
Score Distribution
Percent of People with Each Score
Percentile by Number Answered
Your Score History
You have not taken this quiz